James Bond Villains by Quote - Statistics

General Stats
  • This quiz has been taken 33 times
  • The average score is 12 of 27
Answer Stats
Hint Answer % Correct
No Mr. Bond, I expect you to die! Auric Goldfinger
89%
I shall look forward personally to exterminating you, Mr. Bond Ernst Stavro Blofeld
89%
East. West. Just points of the compass each as stupid as the other Dr. No
81%
Come, come, Mr. Bond. You disappoint me. You get as much fulfillment out of killing as I do, so why don't you admit it? Francisco Scaramanga
70%
There's no news like bad news Elliot Carver
56%
Mr. Bond, you defy all my attempts to plan an amusing death for you. You're hardly a sportsman, so why did you break off the encounter with my pet python? Hugo Drax
56%
It seems your friend Mathis, is actually MY friend Mathis Le Chiffre
56%
Mr. Bond's watch, my dear. I gave you every break possible. You had a 50-50 chance. You weren't even close Dr. Kananga
48%
I'm not interested in extortion! I intend to change the face of history! Karl Stromberg
48%
There will be no delay, Number One. There's still time Rosa Klebb
48%
For England James? Alec Trevelyan
44%
Does anybody else want to drop out? Max Zorin
44%
You wish to put the evil eye on me, eh? We have a way to deal with that where I come from Emilio Largo
41%
Bind that wound. We don't want any blood in the water. Not yet! Aristotle Kristatos
37%
You wouldn't kill me. You'd miss me Elektra King
37%
Mr. Bond is indeed of a very rare breed... soon to be made extinct Kamal Khan
37%
Do you know what it does to you? Hydrogen cyanide? Raoul Silva
37%
You think I'm stupid! HUH! You rip me off then use my own money to PAY someone to KILL ME? You want it so bad? Then TAKE IT! Franz Sanchez
33%
Who is Bond? Compared with _________ Tov Kronsteen
33%
I told you the British believed me. I told you! General Koskov
30%
Oh look! Parachutes for the both of us! Woops! Not anymore! Gustav Graves
30%
You forget I'm already dead! Renard
30%
There is nothing that makes me more uncomfortable than friends talking behind my back. Feels like... ants under my skin Dominic Greene
26%
mes Bond. History of violence, license to kill, vendetta with Ernst Blofeld, in love with Madeleine Swann. I could be speaking to my own reflection Lyutsifer Safin
26%
That's too bad, Bond. You could've been a live rich man, instead of a poor dead one Brad Whitaker
22%
A lightning Thrust by 10 armored divisions from the North! And by five more through Czechoslovakia! Lead to total victory in five days General Orlov
19%
It was all me, James. It's always been me. The author of all your pain Franz Oberhauser
11%
No matching quizzes found
Score Distribution
Percent of People with Each Score
Percentile by Number Answered
Your Score History
You have not taken this quiz